000
00255cam a2200121 4500
001
J125088
008
040209n 000 0 eng u
035
_a
(Sirsi) u125088
041
_a
eng
110
_a
DEFRA
245
_a
Farm business survey
942
_n
0
999
_c
103335
_d
103335